00789cam a22002291 450000100060000000300080000600500170001400800410003103500190007203500180009104000410010904100080015008200200015810000200017824500950019826000520029330000370034549000730038250400500045565000330050565100210053831825BD-RjUL20211209051743.0140422t1965 nyu b 001 0 eng d a(BD-RjUL)31913 a(OCoLC)384877 aDLCcODaWUdOCoLCdDLCdBD-RjULbeng aeng04a275.4bFUR 19651 aFuchs, Stephen.10aRebellious prophets :ba study of messianic movements in Indian religions /cStephen Fuchs aNew York ;aCalcutta :bAsia Pub. Housecc1965. avix (i.e. xiv), 304 p. ;c23 cm.1 aPublications of the Indian Branch of the Anthropos Institute,vno. 1 aIncludes bibliographical reference and index. 0aNativistic movementszIndia. 0aIndiaxReligion.